|
|
|
|
| LEADER |
00000nab a2200000uu 4500 |
| 001 |
vtls011460920 |
| 003 |
SK-MaSNL |
| 005 |
20260303132349.0 |
| 008 |
230218|2014 xo |||||||||||||||||slo| |
| 015 |
|
|
|a SNBRB
|
| 035 |
|
|
|a (urnnbn)urn:nbn:sk:snk:ar-a0adp2
|
| 035 |
|
|
|a (uuid)5287a7f0-1d15-4e41-9c71-b2a50f993746
|
| 035 |
|
|
|a urn:nbn:sk:snk-abcupr
|
| 040 |
|
|
|a SNKBUCL
|b slo
|c SNKBUCL
|e AACR2
|
| 041 |
0 |
|
|a slo
|
| 044 |
|
|
|a xo
|c SK
|
| 100 |
1 |
|
|a Fabová, Ľudmila
|c (ekonómka)
|4 aut
|9 12665
|
| 245 |
1 |
0 |
|a Eliminácia inovačných bariér v Slovenskej republike
|c Ľudmila Fabová
|
| 246 |
3 |
|
|a Elimination of innovation barriers in the Slovak Republic
|
| 773 |
0 |
|
|t Forum statisticum Slovacum
|g Roč. 10, č. 3 (2014), s. 23-27
|
| 954 |
|
|
|a odborná, vedecká literatúra pôvodná (slovenská)
|2 lita
|
| 958 |
|
|
|a OND
|
| 958 |
|
|
|a EUIPO
|
| 958 |
|
|
|a article16
|
| 999 |
|
|
|c 1950621
|d 1952551
|